Introduction to Spectroscopy
Bewaard in:
| Hoofdauteurs: | , , , |
|---|---|
| Formaat: | Boek |
| Taal: | Engels |
| Gepubliceerd in: |
Stamford
Cengage Learning
2015
|
| Editie: | 5a. ed |
| Onderwerpen: | |
| Tags: |
Voeg label toe
Geen labels, Wees de eerste die dit record labelt!
|
MARC
| LEADER | 00000cam a2200000 a 4500 | ||
|---|---|---|---|
| 001 | UCC1325 | ||
| 003 | CL-VaPUC | ||
| 008 | 171020e20150000us |||||||||||||||||eng|d | ||
| 020 | |a 9781285460123 | ||
| 082 | 0 | 4 | |a 543.085 |b PAV |2 21 |
| 100 | |a Pavia, Donald L. |e author |9 595394 | ||
| 700 | 0 | |a Lampman, Gary M |e author |9 595395 | |
| 700 | 0 | |a Kriz, George S |e author |9 595396 | |
| 700 | 0 | |a Vyvyan, James R |e author |9 595397 | |
| 245 | 1 | 0 | |a Introduction to Spectroscopy |
| 250 | |a 5a. ed | ||
| 300 | |a 690 p | ||
| 942 | |c BK | ||
| 945 | |d 20171020 15:16:00 |a dcastane | ||
| 260 | |a Stamford |b Cengage Learning |c 2015 | ||
| 650 | 0 | |a Espectroscopía |9 306791 | |
| 650 | 0 | |a Análisis espectroscópico |9 356865 | |
| 650 | 0 | |a Análisis químico |9 344456 | |
| 583 | |a last modification |c 20171020 15:16:00 |k Rodrigo Vera | ||
| 999 | |c 369865 |d 369863 | ||
| 952 | |0 0 |1 0 |3 erb |4 0 |6 543_085000000000000_PAV_2015 |7 0 |8 A |9 486010 |a BIBCUR |b BIBCUR |i 5431964 |l 4 |o 543.085 PAV 2015 |p 5431964 |r 2025-04-22 |s 2022-06-28 |w 2019-11-24 |y BK |z Catalogado en:20171020 |k QUI | ||
| 952 | |0 0 |1 0 |3 erb |4 0 |6 543_085000000000000_PAV_2015 |7 0 |8 A |9 486011 |a BIBCUR |b BIBCUR |i 5431956 |l 4 |m 7 |o 543.085 PAV 2015 |p 5431956 |r 2025-04-22 |s 2025-04-03 |w 2019-11-24 |y BK |z Catalogado en:20171020 |k QUI | ||
| 952 | |0 0 |1 0 |3 erb |4 0 |6 543_085000000000000_PAV_2015 |7 0 |8 A |9 486012 |a BIBCUR |b BIBCUR |i 5431948 |l 1 |o 543.085 PAV 2015 |p 5431948 |r 2025-04-22 |s 2022-06-28 |w 2019-11-24 |y BK |z Catalogado en:20171020 |k QUI | ||